| 000 | 00521nam a2200169Ia 4500 | ||
|---|---|---|---|
| 003 | GCL | ||
| 008 | 140319s9999 xx 000 0 eng d | ||
| 040 |
_aGCL / _cGCL |
||
| 082 | 0 | 4 |
_a338.2788 _bS S |
| 100 | 1 | _aSTEVENS, PAUL | |
| 245 | 1 | 0 |
_aSTRATEGIC POSITIONING IN THE OIL INDUSTRY TRENDS AND OPTIONS / _cSTEVENS, PAUL |
| 260 |
_aالامارات : _bTHE EMIRATES CENTER FOR STRATEGIC STUDIES AND RESEARCH ، _c1998 |
||
| 300 | _a146 P | ||
| 650 | 0 | 4 | _aOIL INDUSTRY |
| 650 | 0 | 4 | _aPETROLEUM - INDUSTRY |
| 942 |
_2ddc _cBK |
||
| 999 |
_c18473 _d18473 |
||